<?xml version="1.0" encoding="UTF-8"?>
<collection xmlns="http://www.loc.gov/MARC21/slim">
<record>
  <controlfield tag="000">00844ctm\a22001815i\4500</controlfield>
  <controlfield tag="001">545254</controlfield>
  <controlfield tag="005">20251009150935.0</controlfield>
  <controlfield tag="008">220113|1716\\\\xx\||||\|\\\\||||\||und||</controlfield>
  <datafield tag="040" ind1=" " ind2=" ">
    <subfield code="d">UtOrBLW</subfield>
  </datafield>
  <datafield tag="245" ind1="0" ind2="0">
    <subfield code="a">Letter from George Moore to John Moore, London</subfield>
    <subfield code="h">[manuscript],</subfield>
    <subfield code="f">1716.</subfield>
  </datafield>
  <datafield tag="260" ind1=" " ind2=" ">
    <subfield code="a">England,</subfield>
    <subfield code="c">1716.</subfield>
  </datafield>
  <datafield tag="300" ind1=" " ind2=" ">
    <subfield code="a">1 letter</subfield>
  </datafield>
  <datafield tag="336" ind1=" " ind2=" ">
    <subfield code="a">text</subfield>
    <subfield code="b">txt</subfield>
    <subfield code="2">rdacontent</subfield>
  </datafield>
  <datafield tag="337" ind1=" " ind2=" ">
    <subfield code="a">unmediated</subfield>
    <subfield code="b">n</subfield>
    <subfield code="2">rdamedia</subfield>
  </datafield>
  <datafield tag="500" ind1=" " ind2=" ">
    <subfield code="a">This is a PRELIMINARY RECORD. It may contain incorrect information. The "FAST ACC" number is a temporary call number. Please email catalog@folger.edu for assistance.</subfield>
    <subfield code="5">DF</subfield>
  </datafield>
  <datafield tag="583" ind1="1" ind2=" ">
    <subfield code="a">condition reviewed</subfield>
    <subfield code="c">2022-09-26</subfield>
    <subfield code="k">EB</subfield>
    <subfield code="z">Stored as a folded letter packet; awaiting rehousing.</subfield>
    <subfield code="2">pda</subfield>
    <subfield code="5">DFo</subfield>
  </datafield>
  <datafield tag="655" ind1=" " ind2="7">
    <subfield code="a">Manuscripts (documents)</subfield>
    <subfield code="0">300028569</subfield>
    <subfield code="2">aat</subfield>
  </datafield>
  <datafield tag="655" ind1=" " ind2="7">
    <subfield code="a">Letters (correspondence)</subfield>
    <subfield code="0">300026879</subfield>
    <subfield code="2">aat</subfield>
  </datafield>
  <datafield tag="852" ind1="8" ind2=" ">
    <subfield code="a">US-DFo</subfield>
    <subfield code="7">833478</subfield>
    <subfield code="z">Ordered from Christopher Edwards, D9441, 2021-02-10, purchased from Mike Burtt.</subfield>
    <subfield code="z">From dealer's description: "1716 family letter "To Mr John Moore" from "Geo. Moore", Appleby". "She was agreeably caressed by Mr Roby!" ref 0634."</subfield>
    <subfield code="h">FAST ACC 272292</subfield>
    <subfield code="j">272292</subfield>
    <subfield code="n">37 x 28</subfield>
  </datafield>
  <datafield tag="909" ind1="C" ind2="O">
    <subfield code="o">oai:catalog.folger.edu:545254</subfield>
    <subfield code="p">GLOBAL_SET</subfield>
  </datafield>
  <datafield tag="980" ind1=" " ind2=" ">
    <subfield code="a">BIB</subfield>
  </datafield>
  <datafield tag="983" ind1=" " ind2=" ">
    <subfield code="a">Vault</subfield>
  </datafield>
</record>
<record>
  <controlfield tag="000">00946ctm\a22001815i\4500</controlfield>
  <controlfield tag="001">545182</controlfield>
  <controlfield tag="005">20251009150934.0</controlfield>
  <controlfield tag="008">220105|1700\\\\xx\||||\|\\\\||||\||und||</controlfield>
  <datafield tag="040" ind1=" " ind2=" ">
    <subfield code="d">UtOrBLW</subfield>
  </datafield>
  <datafield tag="245" ind1="0" ind2="0">
    <subfield code="a">Letter to John Moore, London, from Thomas Moore, George Moore, and George Wait, Appleby</subfield>
    <subfield code="h">[manuscript],</subfield>
    <subfield code="f">1700 November 4.</subfield>
  </datafield>
  <datafield tag="260" ind1=" " ind2=" ">
    <subfield code="a">London,</subfield>
    <subfield code="c">1700 November4.</subfield>
  </datafield>
  <datafield tag="300" ind1=" " ind2=" ">
    <subfield code="a">1 letter</subfield>
  </datafield>
  <datafield tag="336" ind1=" " ind2=" ">
    <subfield code="a">text</subfield>
    <subfield code="b">txt</subfield>
    <subfield code="2">rdacontent</subfield>
  </datafield>
  <datafield tag="337" ind1=" " ind2=" ">
    <subfield code="a">unmediated</subfield>
    <subfield code="b">n</subfield>
    <subfield code="2">rdamedia</subfield>
  </datafield>
  <datafield tag="500" ind1=" " ind2=" ">
    <subfield code="a">This is a PRELIMINARY RECORD. It may contain incorrect information. The "FAST ACC" number is a temporary call number. Please email catalog@folger.edu for assistance.</subfield>
    <subfield code="5">DF</subfield>
  </datafield>
  <datafield tag="583" ind1="1" ind2=" ">
    <subfield code="a">condition reviewed</subfield>
    <subfield code="c">2022-09-30</subfield>
    <subfield code="k">EB</subfield>
    <subfield code="z">Stored flat. Original folds obscured by later philatelic collector.</subfield>
    <subfield code="2">pda</subfield>
    <subfield code="5">DFo</subfield>
  </datafield>
  <datafield tag="583" ind1="1" ind2=" ">
    <subfield code="a">condition reviewed</subfield>
    <subfield code="c">2022-09-30</subfield>
    <subfield code="k">EB</subfield>
    <subfield code="z">Losses and tears around seal removal affecting text.</subfield>
    <subfield code="2">pda</subfield>
    <subfield code="5">DFo</subfield>
  </datafield>
  <datafield tag="655" ind1=" " ind2="7">
    <subfield code="a">Manuscripts (documents)</subfield>
    <subfield code="0">300028569</subfield>
    <subfield code="2">aat</subfield>
  </datafield>
  <datafield tag="655" ind1=" " ind2="7">
    <subfield code="a">Letters (correspondence)</subfield>
    <subfield code="0">300026879</subfield>
    <subfield code="2">aat</subfield>
  </datafield>
  <datafield tag="852" ind1="8" ind2=" ">
    <subfield code="a">US-DFo</subfield>
    <subfield code="z">Ordered from Christopher Edwards, D9473, 2021-04-28, purchased from Martin Townsend.</subfield>
    <subfield code="z">From dealer's description: "1700 Entire from Appleby addressed "This to Mr John Moor Cheesemonger at Sir John Moors House in Mincin lane London" showing a fine London Bishop mark for NO/6."</subfield>
    <subfield code="7">833406</subfield>
    <subfield code="j">272440</subfield>
    <subfield code="h">FAST ACC 272440</subfield>
    <subfield code="n">37 x 28 cm</subfield>
  </datafield>
  <datafield tag="909" ind1="C" ind2="O">
    <subfield code="o">oai:catalog.folger.edu:545182</subfield>
    <subfield code="p">GLOBAL_SET</subfield>
  </datafield>
  <datafield tag="980" ind1=" " ind2=" ">
    <subfield code="a">BIB</subfield>
  </datafield>
  <datafield tag="983" ind1=" " ind2=" ">
    <subfield code="a">Vault</subfield>
  </datafield>
</record>
<record>
  <controlfield tag="000">00853ctm\a22001815i\4500</controlfield>
  <controlfield tag="001">545264</controlfield>
  <controlfield tag="005">20251009150935.0</controlfield>
  <controlfield tag="008">220114|1695\\\\xx\||||\|\\\\||||\||und||</controlfield>
  <datafield tag="040" ind1=" " ind2=" ">
    <subfield code="d">UtOrBLW</subfield>
  </datafield>
  <datafield tag="245" ind1="0" ind2="0">
    <subfield code="a">Letter from Thomas Moore, Appleby, to Sir John Moore</subfield>
    <subfield code="h">[manuscript],</subfield>
    <subfield code="f">1695.</subfield>
  </datafield>
  <datafield tag="260" ind1=" " ind2=" ">
    <subfield code="a">Appleby,</subfield>
    <subfield code="c">1695.</subfield>
  </datafield>
  <datafield tag="300" ind1=" " ind2=" ">
    <subfield code="a">1 letter</subfield>
  </datafield>
  <datafield tag="336" ind1=" " ind2=" ">
    <subfield code="a">text</subfield>
    <subfield code="b">txt</subfield>
    <subfield code="2">rdacontent</subfield>
  </datafield>
  <datafield tag="337" ind1=" " ind2=" ">
    <subfield code="a">unmediated</subfield>
    <subfield code="b">n</subfield>
    <subfield code="2">rdamedia</subfield>
  </datafield>
  <datafield tag="500" ind1=" " ind2=" ">
    <subfield code="a">This is a PRELIMINARY RECORD. It may contain incorrect information. The "FAST ACC" number is a temporary call number. Please email catalog@folger.edu for assistance.</subfield>
    <subfield code="5">DF</subfield>
  </datafield>
  <datafield tag="655" ind1=" " ind2="7">
    <subfield code="a">Manuscripts (documents)</subfield>
    <subfield code="0">300028569</subfield>
    <subfield code="2">aat</subfield>
  </datafield>
  <datafield tag="655" ind1=" " ind2="7">
    <subfield code="a">Letters (correspondence)</subfield>
    <subfield code="0">300026879</subfield>
    <subfield code="2">aat</subfield>
  </datafield>
  <datafield tag="852" ind1="8" ind2=" ">
    <subfield code="a">US-DFo</subfield>
    <subfield code="7">833488</subfield>
    <subfield code="z">Ordered from Christopher Edwards, D9441, 2021-02-10, purchased from Mike Burt.</subfield>
    <subfield code="z">From dealer's description: "1695 letter "ffor the right worshipfull Sr John Moore at his house in Minceing Lane" from "nephew Thomas, Appleby". 0648."</subfield>
    <subfield code="h">FAST ACC 272301</subfield>
    <subfield code="j">272301</subfield>
    <subfield code="n">37 x 28</subfield>
  </datafield>
  <datafield tag="909" ind1="C" ind2="O">
    <subfield code="o">oai:catalog.folger.edu:545264</subfield>
    <subfield code="p">GLOBAL_SET</subfield>
  </datafield>
  <datafield tag="980" ind1=" " ind2=" ">
    <subfield code="a">BIB</subfield>
  </datafield>
  <datafield tag="983" ind1=" " ind2=" ">
    <subfield code="a">Vault</subfield>
  </datafield>
</record>
<record>
  <controlfield tag="000">00854ctm\a22001815i\4500</controlfield>
  <controlfield tag="001">545257</controlfield>
  <controlfield tag="005">20251009150935.0</controlfield>
  <controlfield tag="008">220113|1703\\\\xx\||||\|\\\\||||\||und||</controlfield>
  <datafield tag="040" ind1=" " ind2=" ">
    <subfield code="d">UtOrBLW</subfield>
  </datafield>
  <datafield tag="245" ind1="0" ind2="0">
    <subfield code="a">Letter from George Moore, Appleby to John Moore, London</subfield>
    <subfield code="h">[manuscript],</subfield>
    <subfield code="f">1703.</subfield>
  </datafield>
  <datafield tag="260" ind1=" " ind2=" ">
    <subfield code="a">Appleby,</subfield>
    <subfield code="c">1703.</subfield>
  </datafield>
  <datafield tag="300" ind1=" " ind2=" ">
    <subfield code="a">1 letter</subfield>
  </datafield>
  <datafield tag="336" ind1=" " ind2=" ">
    <subfield code="a">text</subfield>
    <subfield code="b">txt</subfield>
    <subfield code="2">rdacontent</subfield>
  </datafield>
  <datafield tag="337" ind1=" " ind2=" ">
    <subfield code="a">unmediated</subfield>
    <subfield code="b">n</subfield>
    <subfield code="2">rdamedia</subfield>
  </datafield>
  <datafield tag="500" ind1=" " ind2=" ">
    <subfield code="a">This is a PRELIMINARY RECORD. It may contain incorrect information. The "FAST ACC" number is a temporary call number. Please email catalog@folger.edu for assistance.</subfield>
    <subfield code="5">DF</subfield>
  </datafield>
  <datafield tag="583" ind1="1" ind2=" ">
    <subfield code="a">condition reviewed</subfield>
    <subfield code="c">2022-09-26</subfield>
    <subfield code="k">EB</subfield>
    <subfield code="z">Stored as a folded letter packet; awaiting rehousing.</subfield>
    <subfield code="2">pda</subfield>
    <subfield code="5">DFo</subfield>
  </datafield>
  <datafield tag="655" ind1=" " ind2="7">
    <subfield code="a">Manuscripts (documents)</subfield>
    <subfield code="0">300028569</subfield>
    <subfield code="2">aat</subfield>
  </datafield>
  <datafield tag="655" ind1=" " ind2="7">
    <subfield code="a">Letters (correspondence)</subfield>
    <subfield code="0">300026879</subfield>
    <subfield code="2">aat</subfield>
  </datafield>
  <datafield tag="852" ind1="8" ind2=" ">
    <subfield code="a">US-DFo</subfield>
    <subfield code="7">833481</subfield>
    <subfield code="z">Ordered from Christopher Edwards, D9441, 2021-02-10, purchased from Mike Burtt.</subfield>
    <subfield code="z">From dealer's description: "1703 turned letter (rare so early)! From George Moore in Appleby to brother John in London. Partial bishop mark. 0639."</subfield>
    <subfield code="h">FAST ACC 272295</subfield>
    <subfield code="j">272295</subfield>
    <subfield code="n">37 x 28</subfield>
  </datafield>
  <datafield tag="909" ind1="C" ind2="O">
    <subfield code="o">oai:catalog.folger.edu:545257</subfield>
    <subfield code="p">GLOBAL_SET</subfield>
  </datafield>
  <datafield tag="980" ind1=" " ind2=" ">
    <subfield code="a">BIB</subfield>
  </datafield>
  <datafield tag="983" ind1=" " ind2=" ">
    <subfield code="a">Vault</subfield>
  </datafield>
</record>
<record>
  <controlfield tag="000">02088ctm\a22001815i\4500</controlfield>
  <controlfield tag="001">545116</controlfield>
  <controlfield tag="005">20251009150933.0</controlfield>
  <controlfield tag="008">211208e16711027enk||||\|\\\\||||\||eng||</controlfield>
  <datafield tag="040" ind1=" " ind2=" ">
    <subfield code="d">UtOrBLW</subfield>
  </datafield>
  <datafield tag="100" ind1="1" ind2=" ">
    <subfield code="a">Booth, John,</subfield>
    <subfield code="c">Sir,</subfield>
    <subfield code="d">active 17th century,</subfield>
    <subfield code="e">sender.</subfield>
  </datafield>
  <datafield tag="245" ind1="1" ind2="0">
    <subfield code="a">Letter from Sir John Booth, Holborn, London, to Edward Moore, Bank Hall, near Liverpool</subfield>
    <subfield code="h">[manuscript],</subfield>
    <subfield code="f">1671 October 27.</subfield>
  </datafield>
  <datafield tag="260" ind1=" " ind2=" ">
    <subfield code="c">27th October 1671.</subfield>
  </datafield>
  <datafield tag="300" ind1=" " ind2=" ">
    <subfield code="a">1 letter</subfield>
  </datafield>
  <datafield tag="336" ind1=" " ind2=" ">
    <subfield code="a">text</subfield>
    <subfield code="b">txt</subfield>
    <subfield code="2">rdacontent</subfield>
  </datafield>
  <datafield tag="337" ind1=" " ind2=" ">
    <subfield code="a">unmediated</subfield>
    <subfield code="b">n</subfield>
    <subfield code="2">rdamedia</subfield>
  </datafield>
  <datafield tag="500" ind1=" " ind2=" ">
    <subfield code="a">This is a PRELIMINARY RECORD. It may contain incorrect information. The "FAST ACC" number is a temporary call number. Please email catalog@folger.edu for assistance.</subfield>
    <subfield code="5">DFo</subfield>
  </datafield>
  <datafield tag="500" ind1=" " ind2=" ">
    <subfield code="a">Docketed "Sr John Booth Letter to me"</subfield>
  </datafield>
  <datafield tag="520" ind1="2" ind2=" ">
    <subfield code="a">Refers to "our business" with "the Lord Ashly" [that is, Anthony Ashley Cooper, first earl of Shaftesbury] being scheduled to be done on "Munday fiue of the clock in the Iuening" and witnessed by Sir John Corriton, Mr. Creamer, "and my sealfe" and "I beliue Sir Pawle Neale will be put vppon vs for a share." Sells a horse to Moore through his [Booth's] son.</subfield>
  </datafield>
  <datafield tag="583" ind1="1" ind2=" ">
    <subfield code="a">condition reviewed$$c2022-09-01$$kEB$$zStored as a folded letter packet; awaiting rehousing.$$2pda$$5DFo</subfield>
  </datafield>
  <datafield tag="600" ind1="1" ind2="0">
    <subfield code="a">Shaftesbury, Anthony Ashley Cooper,</subfield>
    <subfield code="c">Earl of,</subfield>
    <subfield code="d">1621-1683.</subfield>
    <subfield code="0">n  50001461 </subfield>
  </datafield>
  <datafield tag="600" ind1="1" ind2="0">
    <subfield code="a">Neile, Paul,</subfield>
    <subfield code="c">Sir,</subfield>
    <subfield code="d">1613-1686.</subfield>
  </datafield>
  <datafield tag="655" ind1=" " ind2="7">
    <subfield code="a">Manuscripts (documents)</subfield>
    <subfield code="0">300028569</subfield>
    <subfield code="2">aat</subfield>
  </datafield>
  <datafield tag="655" ind1=" " ind2="7">
    <subfield code="a">Letters (correspondence)</subfield>
    <subfield code="0">300026879</subfield>
    <subfield code="2">aat</subfield>
  </datafield>
  <datafield tag="700" ind1="1" ind2=" ">
    <subfield code="a">Moore, Edward,</subfield>
    <subfield code="c">Sir,</subfield>
    <subfield code="d">1634-1678,</subfield>
    <subfield code="0">no 89011355,</subfield>
    <subfield code="e">addressee.</subfield>
  </datafield>
  <datafield tag="752" ind1=" " ind2=" ">
    <subfield code="a">Great Britain</subfield>
    <subfield code="b">England.</subfield>
    <subfield code="2">naf</subfield>
  </datafield>
  <datafield tag="852" ind1="8" ind2=" ">
    <subfield code="a">US-DFo</subfield>
    <subfield code="z">From Argyll Etkin Limited Auction "Worldwide Stamps and Postal History featuring Exceptional Great Britain Stamps and Covers, British Colonial Proofs, Essays &amp; Specimen Stamps, Air Mails and Crash Covers, Stamp Boxes, Sweden, KUT &amp; South West Africa. To be sold on Thursday 18th &amp; Friday 19th March 2021, at 10.30am" Lot #788.</subfield>
    <subfield code="z">From dealer's description: "1668-71 Entire letters from London to Mr Edward Moore at Banck Hall near Liverpool with London Bishop  Marks on reverse, the 1668 letter charged 3d, the 1671 letter [that is, this one] without any charge shown, this second letter  endorsed “Per Liverpoole Bag” with light “3 / Off ” handstamp on reverse. The 1668 letter with small insect  hole, otherwise both fine and scarce early letters to Liverpool."</subfield>
    <subfield code="7">833339</subfield>
    <subfield code="j">272383</subfield>
    <subfield code="h">FAST ACC 272383</subfield>
    <subfield code="n">37 x 28 cm</subfield>
  </datafield>
  <datafield tag="909" ind1="C" ind2="O">
    <subfield code="o">oai:catalog.folger.edu:545116</subfield>
    <subfield code="p">GLOBAL_SET</subfield>
  </datafield>
  <datafield tag="980" ind1=" " ind2=" ">
    <subfield code="a">BIB</subfield>
  </datafield>
  <datafield tag="983" ind1=" " ind2=" ">
    <subfield code="a">Vault</subfield>
  </datafield>
</record>
<record>
  <controlfield tag="000">00838ctm\a22001815i\4500</controlfield>
  <controlfield tag="001">545305</controlfield>
  <controlfield tag="005">20251009150935.0</controlfield>
  <controlfield tag="008">220118|1672\\\\xx\||||\|\\\\||||\||und||</controlfield>
  <datafield tag="040" ind1=" " ind2=" ">
    <subfield code="d">UtOrBLW</subfield>
  </datafield>
  <datafield tag="245" ind1="0" ind2="0">
    <subfield code="a">Letter from Angel Corben, Topsham, to John Moore, London</subfield>
    <subfield code="h">[manuscript],</subfield>
    <subfield code="f">1672 May 18.</subfield>
  </datafield>
  <datafield tag="260" ind1=" " ind2=" ">
    <subfield code="a">Topsham,</subfield>
    <subfield code="c">1672 May 18.</subfield>
  </datafield>
  <datafield tag="300" ind1=" " ind2=" ">
    <subfield code="a">1 letter</subfield>
  </datafield>
  <datafield tag="336" ind1=" " ind2=" ">
    <subfield code="a">text</subfield>
    <subfield code="b">txt</subfield>
    <subfield code="2">rdacontent</subfield>
  </datafield>
  <datafield tag="337" ind1=" " ind2=" ">
    <subfield code="a">unmediated</subfield>
    <subfield code="b">n</subfield>
    <subfield code="2">rdamedia</subfield>
  </datafield>
  <datafield tag="500" ind1=" " ind2=" ">
    <subfield code="a">This is a PRELIMINARY RECORD. It may contain incorrect information. The "FAST ACC" number is a temporary call number. Please email catalog@folger.edu for assistance.</subfield>
    <subfield code="5">DF</subfield>
  </datafield>
  <datafield tag="583" ind1="1" ind2=" ">
    <subfield code="a">condition reviewed</subfield>
    <subfield code="c">2022-09-26</subfield>
    <subfield code="k">EB</subfield>
    <subfield code="z">Stored as a folded letter packet; awaiting rehousing.</subfield>
    <subfield code="2">pda</subfield>
    <subfield code="5">DFo</subfield>
  </datafield>
  <datafield tag="655" ind1=" " ind2="7">
    <subfield code="a">Manuscripts (documents)</subfield>
    <subfield code="0">300028569</subfield>
    <subfield code="2">aat</subfield>
  </datafield>
  <datafield tag="655" ind1=" " ind2="7">
    <subfield code="a">Letters (correspondence)</subfield>
    <subfield code="0">300026879</subfield>
    <subfield code="2">aat</subfield>
  </datafield>
  <datafield tag="852" ind1="8" ind2=" ">
    <subfield code="a">US-DFo</subfield>
    <subfield code="z">Ordered from Christopher Edwards, D9441, 2021-02-10, purchased from Mike Burtt.</subfield>
    <subfield code="z">From dealer's description: "1672 letter to "John Moore, Alderman, London" from "Anyer(?) Corben, Topsham". 0970."</subfield>
    <subfield code="7">833529</subfield>
    <subfield code="h">FAST ACC 272342</subfield>
    <subfield code="j">272342</subfield>
    <subfield code="n">37 x 28 cm</subfield>
  </datafield>
  <datafield tag="909" ind1="C" ind2="O">
    <subfield code="o">oai:catalog.folger.edu:545305</subfield>
    <subfield code="p">GLOBAL_SET</subfield>
  </datafield>
  <datafield tag="980" ind1=" " ind2=" ">
    <subfield code="a">BIB</subfield>
  </datafield>
  <datafield tag="983" ind1=" " ind2=" ">
    <subfield code="a">Vault</subfield>
  </datafield>
</record>
<record>
  <controlfield tag="000">00932ctm\a22001815i\4500</controlfield>
  <controlfield tag="001">545180</controlfield>
  <controlfield tag="005">20251009150934.0</controlfield>
  <controlfield tag="008">220105|1668\\\\xx\||||\|\\\\||||\||und||</controlfield>
  <datafield tag="040" ind1=" " ind2=" ">
    <subfield code="d">UtOrBLW</subfield>
  </datafield>
  <datafield tag="245" ind1="0" ind2="0">
    <subfield code="a">Letter from Hasleborough to John Moore in London to</subfield>
    <subfield code="h">[manuscript],</subfield>
    <subfield code="f">1668 Jan 23.</subfield>
  </datafield>
  <datafield tag="260" ind1=" " ind2=" ">
    <subfield code="a">Hasleborough,</subfield>
    <subfield code="c">1668 Jan 23.</subfield>
  </datafield>
  <datafield tag="300" ind1=" " ind2=" ">
    <subfield code="a">1 letter</subfield>
  </datafield>
  <datafield tag="336" ind1=" " ind2=" ">
    <subfield code="a">text</subfield>
    <subfield code="b">txt</subfield>
    <subfield code="2">rdacontent</subfield>
  </datafield>
  <datafield tag="337" ind1=" " ind2=" ">
    <subfield code="a">unmediated</subfield>
    <subfield code="b">n</subfield>
    <subfield code="2">rdamedia</subfield>
  </datafield>
  <datafield tag="500" ind1=" " ind2=" ">
    <subfield code="a">This is a PRELIMINARY RECORD. It may contain incorrect information. The "FAST ACC" number is a temporary call number. Please email catalog@folger.edu for assistance.</subfield>
    <subfield code="5">DF</subfield>
  </datafield>
  <datafield tag="583" ind1="1" ind2=" ">
    <subfield code="a">condition reviewed</subfield>
    <subfield code="c">2022-09-30</subfield>
    <subfield code="k">EB</subfield>
    <subfield code="z">Stored as a folded letter packet; awaiting rehousing.</subfield>
    <subfield code="2">pda</subfield>
    <subfield code="5">DFo</subfield>
  </datafield>
  <datafield tag="655" ind1=" " ind2="7">
    <subfield code="a">Manuscripts (documents)</subfield>
    <subfield code="0">300028569</subfield>
    <subfield code="2">aat</subfield>
  </datafield>
  <datafield tag="655" ind1=" " ind2="7">
    <subfield code="a">Letters (correspondence)</subfield>
    <subfield code="0">300026879</subfield>
    <subfield code="2">aat</subfield>
  </datafield>
  <datafield tag="852" ind1="8" ind2=" ">
    <subfield code="a">US-DFo</subfield>
    <subfield code="z">Ordered from Christopher Edwards, D9473, 2021-04-28, purchased from Martin Townsend.</subfield>
    <subfield code="z">From dealer's description: "1668 Entire from Hasleborow (Hasleborough), Northants?, addressed "To Mr Jno Moore Ald" this dld in Lnd" (London) showing a very fine London Bishop mark for 'IA/26'. MS 3."</subfield>
    <subfield code="7">833404</subfield>
    <subfield code="j">272438</subfield>
    <subfield code="h">FAST ACC 272438</subfield>
    <subfield code="n">37 x 28 cm</subfield>
  </datafield>
  <datafield tag="909" ind1="C" ind2="O">
    <subfield code="o">oai:catalog.folger.edu:545180</subfield>
    <subfield code="p">GLOBAL_SET</subfield>
  </datafield>
  <datafield tag="980" ind1=" " ind2=" ">
    <subfield code="a">BIB</subfield>
  </datafield>
  <datafield tag="983" ind1=" " ind2=" ">
    <subfield code="a">Vault</subfield>
  </datafield>
</record>
<record>
  <controlfield tag="000">01047ctm\a22001815i\4500</controlfield>
  <controlfield tag="001">545312</controlfield>
  <controlfield tag="005">20251009150935.0</controlfield>
  <controlfield tag="008">220118s1672\\\\enk||||\|\\\\||||\||eng||</controlfield>
  <datafield tag="040" ind1=" " ind2=" ">
    <subfield code="d">UtOrBLW</subfield>
  </datafield>
  <datafield tag="245" ind1="0" ind2="0">
    <subfield code="a">Letter from Angel Corben, Topsham, to John Moore, London</subfield>
    <subfield code="h">[manuscript],</subfield>
    <subfield code="f">1672 May 27.</subfield>
  </datafield>
  <datafield tag="260" ind1=" " ind2=" ">
    <subfield code="a">Topsham,</subfield>
    <subfield code="c">1672 May 27.</subfield>
  </datafield>
  <datafield tag="300" ind1=" " ind2=" ">
    <subfield code="a">1 letter</subfield>
  </datafield>
  <datafield tag="336" ind1=" " ind2=" ">
    <subfield code="a">text</subfield>
    <subfield code="b">txt</subfield>
    <subfield code="2">rdacontent</subfield>
  </datafield>
  <datafield tag="337" ind1=" " ind2=" ">
    <subfield code="a">unmediated</subfield>
    <subfield code="b">n</subfield>
    <subfield code="2">rdamedia</subfield>
  </datafield>
  <datafield tag="500" ind1=" " ind2=" ">
    <subfield code="a">This is a PRELIMINARY RECORD. It may contain incorrect information. The "FAST ACC" number is a temporary call number. Please email catalog@folger.edu for assistance.</subfield>
    <subfield code="5">DFo</subfield>
  </datafield>
  <datafield tag="583" ind1="1" ind2=" ">
    <subfield code="a">condition reviewed</subfield>
    <subfield code="c">2022-09-16</subfield>
    <subfield code="k">EB</subfield>
    <subfield code="z">Stored as a partially folded letter packet.</subfield>
    <subfield code="2">pda</subfield>
    <subfield code="5">DFo</subfield>
  </datafield>
  <datafield tag="583" ind1="1" ind2=" ">
    <subfield code="a">condition reviewed</subfield>
    <subfield code="c">2022-09-16</subfield>
    <subfield code="k">EB</subfield>
    <subfield code="z">Minor tears around seal release.</subfield>
    <subfield code="2">pda</subfield>
    <subfield code="5">DFo</subfield>
  </datafield>
  <datafield tag="655" ind1=" " ind2="7">
    <subfield code="a">Manuscripts (documents)</subfield>
    <subfield code="0">300028569</subfield>
    <subfield code="2">aat</subfield>
  </datafield>
  <datafield tag="655" ind1=" " ind2="7">
    <subfield code="a">Letters (correspondence)</subfield>
    <subfield code="0">300026879</subfield>
    <subfield code="2">aat</subfield>
  </datafield>
  <datafield tag="752" ind1=" " ind2=" ">
    <subfield code="a">Great Britain</subfield>
    <subfield code="b">England.</subfield>
    <subfield code="2">naf</subfield>
  </datafield>
  <datafield tag="852" ind1="8" ind2=" ">
    <subfield code="a">US-DFo</subfield>
    <subfield code="z">Ordered from Christopher Edwards, D9441, 2021-02-10, purchased from Mike Burtt.</subfield>
    <subfield code="z">From dealer's description: "1672 letter from "Angell Corben, Topsham" to "John Moore (future Lord Mayor), London". ref 0570."</subfield>
    <subfield code="7">833536</subfield>
    <subfield code="h">FAST ACC 272276</subfield>
    <subfield code="j">272276</subfield>
    <subfield code="n">37 x 28</subfield>
  </datafield>
  <datafield tag="909" ind1="C" ind2="O">
    <subfield code="o">oai:catalog.folger.edu:545312</subfield>
    <subfield code="p">GLOBAL_SET</subfield>
  </datafield>
  <datafield tag="980" ind1=" " ind2=" ">
    <subfield code="a">BIB</subfield>
  </datafield>
  <datafield tag="983" ind1=" " ind2=" ">
    <subfield code="a">Vault</subfield>
  </datafield>
</record>
<record>
  <controlfield tag="000">00865ctm\a22001815i\4500</controlfield>
  <controlfield tag="001">545284</controlfield>
  <controlfield tag="005">20251009150935.0</controlfield>
  <controlfield tag="008">220116|1667\\\\xx\||||\|\\\\||||\||und||</controlfield>
  <datafield tag="040" ind1=" " ind2=" ">
    <subfield code="d">UtOrBLW</subfield>
  </datafield>
  <datafield tag="245" ind1="0" ind2="0">
    <subfield code="a">Letter from Robert Hayward to Sir John Moore, London</subfield>
    <subfield code="h">[manuscript],</subfield>
    <subfield code="f">1667 December 24.</subfield>
  </datafield>
  <datafield tag="260" ind1=" " ind2=" ">
    <subfield code="a">[England],</subfield>
    <subfield code="c">1667 December 24.</subfield>
  </datafield>
  <datafield tag="300" ind1=" " ind2=" ">
    <subfield code="a">1 letter</subfield>
  </datafield>
  <datafield tag="336" ind1=" " ind2=" ">
    <subfield code="a">text</subfield>
    <subfield code="b">txt</subfield>
    <subfield code="2">rdacontent</subfield>
  </datafield>
  <datafield tag="337" ind1=" " ind2=" ">
    <subfield code="a">unmediated</subfield>
    <subfield code="b">n</subfield>
    <subfield code="2">rdamedia</subfield>
  </datafield>
  <datafield tag="500" ind1=" " ind2=" ">
    <subfield code="a">This is a PRELIMINARY RECORD. It may contain incorrect information. The "FAST ACC" number is a temporary call number. Please email catalog@folger.edu for assistance.</subfield>
    <subfield code="5">DF</subfield>
  </datafield>
  <datafield tag="583" ind1="1" ind2=" ">
    <subfield code="a">condition reviewed</subfield>
    <subfield code="c">2022-09-26</subfield>
    <subfield code="k">EB</subfield>
    <subfield code="z">Stored as a folded letter packet; awaiting rehousing.</subfield>
    <subfield code="2">pda</subfield>
    <subfield code="5">DFo</subfield>
  </datafield>
  <datafield tag="655" ind1=" " ind2="7">
    <subfield code="a">Manuscripts (documents)</subfield>
    <subfield code="0">300028569</subfield>
    <subfield code="2">aat</subfield>
  </datafield>
  <datafield tag="655" ind1=" " ind2="7">
    <subfield code="a">Letters (correspondence)</subfield>
    <subfield code="0">300026879</subfield>
    <subfield code="2">aat</subfield>
  </datafield>
  <datafield tag="852" ind1="8" ind2=" ">
    <subfield code="a">US-DFo</subfield>
    <subfield code="7">833508</subfield>
    <subfield code="z">Ordered from Christopher Edwards, D9441, 2021-02-10, purchased from Mike Burtt.</subfield>
    <subfield code="z">From dealer's description: "1667 letter "ffor John Moore Esq, Merchant in London" from "Robt Hayward", Early bishop mark. ref 0684."</subfield>
    <subfield code="h">FAST ACC 272321</subfield>
    <subfield code="j">272321</subfield>
    <subfield code="n">37 x 28 cm</subfield>
  </datafield>
  <datafield tag="909" ind1="C" ind2="O">
    <subfield code="o">oai:catalog.folger.edu:545284</subfield>
    <subfield code="p">GLOBAL_SET</subfield>
  </datafield>
  <datafield tag="980" ind1=" " ind2=" ">
    <subfield code="a">BIB</subfield>
  </datafield>
  <datafield tag="983" ind1=" " ind2=" ">
    <subfield code="a">Vault</subfield>
  </datafield>
</record>
<record>
  <controlfield tag="000">00876ctm\a22001815i\4500</controlfield>
  <controlfield tag="001">545281</controlfield>
  <controlfield tag="005">20251009150935.0</controlfield>
  <controlfield tag="008">220115|1670\\\\xx\||||\|\\\\||||\||und||</controlfield>
  <datafield tag="040" ind1=" " ind2=" ">
    <subfield code="d">UtOrBLW</subfield>
  </datafield>
  <datafield tag="245" ind1="0" ind2="0">
    <subfield code="a">Letter from Robert Hayward to Sir John Moore, London</subfield>
    <subfield code="h">[manuscript],</subfield>
    <subfield code="f">1670 April 18.</subfield>
  </datafield>
  <datafield tag="260" ind1=" " ind2=" ">
    <subfield code="a">[England],</subfield>
    <subfield code="c">1670 April 18.</subfield>
  </datafield>
  <datafield tag="300" ind1=" " ind2=" ">
    <subfield code="a">1 letter</subfield>
  </datafield>
  <datafield tag="336" ind1=" " ind2=" ">
    <subfield code="a">text</subfield>
    <subfield code="b">txt</subfield>
    <subfield code="2">rdacontent</subfield>
  </datafield>
  <datafield tag="337" ind1=" " ind2=" ">
    <subfield code="a">unmediated</subfield>
    <subfield code="b">n</subfield>
    <subfield code="2">rdamedia</subfield>
  </datafield>
  <datafield tag="500" ind1=" " ind2=" ">
    <subfield code="a">This is a PRELIMINARY RECORD. It may contain incorrect information. The "FAST ACC" number is a temporary call number. Please email catalog@folger.edu for assistance.</subfield>
    <subfield code="5">DF</subfield>
  </datafield>
  <datafield tag="583" ind1="1" ind2=" ">
    <subfield code="a">condition reviewed</subfield>
    <subfield code="c">2022-09-26</subfield>
    <subfield code="k">EB</subfield>
    <subfield code="z">Stored as a folded letter packet; awaiting rehousing.</subfield>
    <subfield code="2">pda</subfield>
    <subfield code="5">DFo</subfield>
  </datafield>
  <datafield tag="655" ind1=" " ind2="7">
    <subfield code="a">Manuscripts (documents)</subfield>
    <subfield code="0">300028569</subfield>
    <subfield code="2">aat</subfield>
  </datafield>
  <datafield tag="655" ind1=" " ind2="7">
    <subfield code="a">Letters (correspondence)</subfield>
    <subfield code="0">300026879</subfield>
    <subfield code="2">aat</subfield>
  </datafield>
  <datafield tag="852" ind1="8" ind2=" ">
    <subfield code="a">US-DFo</subfield>
    <subfield code="7">833505</subfield>
    <subfield code="z">Ordered from Christopher Edwards, D9441, 2021-02-10, purchased from Mike Burtt.</subfield>
    <subfield code="z">From dealer's description: "1670 letter "for John Moore Esq, Merchant. Leave this at the post house in London" from "Robt Hayward, Wirksworth" 0676."</subfield>
    <subfield code="h">FAST ACC 272318</subfield>
    <subfield code="j">272318</subfield>
    <subfield code="n">37 x 28 cm</subfield>
  </datafield>
  <datafield tag="909" ind1="C" ind2="O">
    <subfield code="o">oai:catalog.folger.edu:545281</subfield>
    <subfield code="p">GLOBAL_SET</subfield>
  </datafield>
  <datafield tag="980" ind1=" " ind2=" ">
    <subfield code="a">BIB</subfield>
  </datafield>
  <datafield tag="983" ind1=" " ind2=" ">
    <subfield code="a">Vault</subfield>
  </datafield>
</record>
<record>
  <controlfield tag="000">00880ctm\a22001815i\4500</controlfield>
  <controlfield tag="001">545273</controlfield>
  <controlfield tag="005">20251009150935.0</controlfield>
  <controlfield tag="008">220114|1680\\\\xx\||||\|\\\\||||\||und||</controlfield>
  <datafield tag="040" ind1=" " ind2=" ">
    <subfield code="d">UtOrBLW</subfield>
  </datafield>
  <datafield tag="245" ind1="0" ind2="0">
    <subfield code="a">Letter from Robert Hayward to Sir John Moore, London</subfield>
    <subfield code="h">[manuscript],</subfield>
    <subfield code="f">1679/80 January 6.</subfield>
  </datafield>
  <datafield tag="260" ind1=" " ind2=" ">
    <subfield code="a">[England],</subfield>
    <subfield code="c">1679/80 January6.</subfield>
  </datafield>
  <datafield tag="300" ind1=" " ind2=" ">
    <subfield code="a">1 letter</subfield>
  </datafield>
  <datafield tag="336" ind1=" " ind2=" ">
    <subfield code="a">text</subfield>
    <subfield code="b">txt</subfield>
    <subfield code="2">rdacontent</subfield>
  </datafield>
  <datafield tag="337" ind1=" " ind2=" ">
    <subfield code="a">unmediated</subfield>
    <subfield code="b">n</subfield>
    <subfield code="2">rdamedia</subfield>
  </datafield>
  <datafield tag="500" ind1=" " ind2=" ">
    <subfield code="a">This is a PRELIMINARY RECORD. It may contain incorrect information. The "FAST ACC" number is a temporary call number. Please email catalog@folger.edu for assistance.</subfield>
    <subfield code="5">DFo</subfield>
  </datafield>
  <datafield tag="583" ind1="1" ind2=" ">
    <subfield code="a">condition reviewed</subfield>
    <subfield code="c">2022-09-16</subfield>
    <subfield code="k">EB</subfield>
    <subfield code="z">Stored as a folded letter packet; awaiting rehousing.</subfield>
    <subfield code="2">pda</subfield>
    <subfield code="5">DFo</subfield>
  </datafield>
  <datafield tag="655" ind1=" " ind2="7">
    <subfield code="a">Manuscripts (documents)</subfield>
    <subfield code="0">300028569</subfield>
    <subfield code="2">aat</subfield>
  </datafield>
  <datafield tag="655" ind1=" " ind2="7">
    <subfield code="a">Letters (correspondence)</subfield>
    <subfield code="0">300026879</subfield>
    <subfield code="2">aat</subfield>
  </datafield>
  <datafield tag="852" ind1="8" ind2=" ">
    <subfield code="a">US-DFo</subfield>
    <subfield code="7">833497</subfield>
    <subfield code="z">Ordered from Christopher Edwards, D9441, 2021-02-10, purchased from Mike Burtt.</subfield>
    <subfield code="z">From dealer's description: "1679 letter "ffor Sir John Moore, Merchant, these pr(esent) In London" from "Robt Hayward". Light bishop mark. 0664."</subfield>
    <subfield code="h">FAST ACC 272310</subfield>
    <subfield code="j">272310</subfield>
    <subfield code="n">37 x 28 cm</subfield>
  </datafield>
  <datafield tag="909" ind1="C" ind2="O">
    <subfield code="o">oai:catalog.folger.edu:545273</subfield>
    <subfield code="p">GLOBAL_SET</subfield>
  </datafield>
  <datafield tag="980" ind1=" " ind2=" ">
    <subfield code="a">BIB</subfield>
  </datafield>
  <datafield tag="983" ind1=" " ind2=" ">
    <subfield code="a">Vault</subfield>
  </datafield>
</record>
<record>
  <controlfield tag="000">01043ctm\a22001815i\4500</controlfield>
  <controlfield tag="001">545189</controlfield>
  <controlfield tag="005">20251009150934.0</controlfield>
  <controlfield tag="008">220105s1703\\\\enk||||\|\\\\||||\||eng||</controlfield>
  <datafield tag="040" ind1=" " ind2=" ">
    <subfield code="d">UtOrBLW</subfield>
  </datafield>
  <datafield tag="245" ind1="0" ind2="0">
    <subfield code="a">Letter from Robert Huntman to John Moore in London to</subfield>
    <subfield code="h">[manuscript],</subfield>
    <subfield code="f">[1703] March 4.</subfield>
  </datafield>
  <datafield tag="260" ind1=" " ind2=" ">
    <subfield code="c">[circa 1703] March4.</subfield>
  </datafield>
  <datafield tag="300" ind1=" " ind2=" ">
    <subfield code="a">1 letter</subfield>
  </datafield>
  <datafield tag="336" ind1=" " ind2=" ">
    <subfield code="a">text</subfield>
    <subfield code="b">txt</subfield>
    <subfield code="2">rdacontent</subfield>
  </datafield>
  <datafield tag="337" ind1=" " ind2=" ">
    <subfield code="a">unmediated</subfield>
    <subfield code="b">n</subfield>
    <subfield code="2">rdamedia</subfield>
  </datafield>
  <datafield tag="500" ind1=" " ind2=" ">
    <subfield code="a">This is a PRELIMINARY RECORD. It may contain incorrect information. The "FAST ACC" number is a temporary call number. Please email catalog@folger.edu for assistance.</subfield>
    <subfield code="5">DF</subfield>
  </datafield>
  <datafield tag="583" ind1="1" ind2=" ">
    <subfield code="a">condition reviewed</subfield>
    <subfield code="c">2022-10-04</subfield>
    <subfield code="k">EB</subfield>
    <subfield code="z">Stored as a folded letter packet; awaiting rehousing.</subfield>
    <subfield code="2">pda</subfield>
    <subfield code="5">DFo</subfield>
  </datafield>
  <datafield tag="583" ind1="1" ind2=" ">
    <subfield code="a">condition reviewed</subfield>
    <subfield code="c">2022-10-04</subfield>
    <subfield code="k">EB</subfield>
    <subfield code="z">Running tears; holes at seal loss.</subfield>
    <subfield code="2">pda</subfield>
    <subfield code="5">DFo</subfield>
  </datafield>
  <datafield tag="655" ind1=" " ind2="7">
    <subfield code="a">Manuscripts (documents)</subfield>
    <subfield code="0">300028569</subfield>
    <subfield code="2">aat</subfield>
  </datafield>
  <datafield tag="655" ind1=" " ind2="7">
    <subfield code="a">Letters (correspondence)</subfield>
    <subfield code="0">300026879</subfield>
    <subfield code="2">aat</subfield>
  </datafield>
  <datafield tag="752" ind1=" " ind2=" ">
    <subfield code="a">Great Britain</subfield>
    <subfield code="b">England.</subfield>
    <subfield code="2">naf</subfield>
  </datafield>
  <datafield tag="852" ind1="8" ind2=" ">
    <subfield code="a">US-DFo</subfield>
    <subfield code="z">Ordered from Christopher Edwards, D9473, 2021-04-28, purchased from Martin Townsend.</subfield>
    <subfield code="z">From dealer's description: circa 1703 Entire addressed to 'Mr John Moores at Sr John Moores house in Minceing Lane' with, on the reverse, a fine Type 2a, St Pauls Office Dockwra for 'PAYD/PENY/POST/P/TH', L 346."</subfield>
    <subfield code="7">833413</subfield>
    <subfield code="j">272447</subfield>
    <subfield code="h">FAST ACC 272447</subfield>
    <subfield code="n">37 x 28 cm</subfield>
  </datafield>
  <datafield tag="909" ind1="C" ind2="O">
    <subfield code="o">oai:catalog.folger.edu:545189</subfield>
    <subfield code="p">GLOBAL_SET</subfield>
  </datafield>
  <datafield tag="980" ind1=" " ind2=" ">
    <subfield code="a">BIB</subfield>
  </datafield>
  <datafield tag="983" ind1=" " ind2=" ">
    <subfield code="a">Vault</subfield>
  </datafield>
</record>
<record>
  <controlfield tag="000">00876ctm\a22001815i\4500</controlfield>
  <controlfield tag="001">545272</controlfield>
  <controlfield tag="005">20251009150935.0</controlfield>
  <controlfield tag="008">220114|1673\\\\xx\||||\|\\\\||||\||und||</controlfield>
  <datafield tag="040" ind1=" " ind2=" ">
    <subfield code="d">UtOrBLW</subfield>
  </datafield>
  <datafield tag="245" ind1="0" ind2="0">
    <subfield code="a">Letter from Frances Jenkinson, Walton, to Sir John Moore, London</subfield>
    <subfield code="h">[manuscript],</subfield>
    <subfield code="f">1673 November 11.</subfield>
  </datafield>
  <datafield tag="260" ind1=" " ind2=" ">
    <subfield code="a">Walton,</subfield>
    <subfield code="c">1673 November 11.</subfield>
  </datafield>
  <datafield tag="300" ind1=" " ind2=" ">
    <subfield code="a">1 letter</subfield>
  </datafield>
  <datafield tag="336" ind1=" " ind2=" ">
    <subfield code="a">text</subfield>
    <subfield code="b">txt</subfield>
    <subfield code="2">rdacontent</subfield>
  </datafield>
  <datafield tag="337" ind1=" " ind2=" ">
    <subfield code="a">unmediated</subfield>
    <subfield code="b">n</subfield>
    <subfield code="2">rdamedia</subfield>
  </datafield>
  <datafield tag="500" ind1=" " ind2=" ">
    <subfield code="a">This is a PRELIMINARY RECORD. It may contain incorrect information. The "FAST ACC" number is a temporary call number. Please email catalog@folger.edu for assistance.</subfield>
    <subfield code="5">DFo</subfield>
  </datafield>
  <datafield tag="583" ind1="1" ind2=" ">
    <subfield code="a">condition reviewed</subfield>
    <subfield code="c">2022-09-16</subfield>
    <subfield code="k">EB</subfield>
    <subfield code="z">Stored as a folded letter packet; awaiting rehousing.</subfield>
    <subfield code="2">pda</subfield>
    <subfield code="5">DFo</subfield>
  </datafield>
  <datafield tag="655" ind1=" " ind2="7">
    <subfield code="a">Manuscripts (documents)</subfield>
    <subfield code="0">300028569</subfield>
    <subfield code="2">aat</subfield>
  </datafield>
  <datafield tag="655" ind1=" " ind2="7">
    <subfield code="a">Letters (correspondence)</subfield>
    <subfield code="0">300026879</subfield>
    <subfield code="2">aat</subfield>
  </datafield>
  <datafield tag="852" ind1="8" ind2=" ">
    <subfield code="a">US-DFo</subfield>
    <subfield code="7">833496</subfield>
    <subfield code="z">Ordered from Christopher Edwards, D9441, 2021-02-10, purchased from Mike Burtt.</subfield>
    <subfield code="z">From dealer's description: "1673 letter "to Sir John Moore Kngt, these present in London" from "Frances Jenkinson, Walton". ref 0660."</subfield>
    <subfield code="h">FAST ACC 272309</subfield>
    <subfield code="j">272309</subfield>
    <subfield code="3">37 x 28 cm</subfield>
  </datafield>
  <datafield tag="909" ind1="C" ind2="O">
    <subfield code="o">oai:catalog.folger.edu:545272</subfield>
    <subfield code="p">GLOBAL_SET</subfield>
  </datafield>
  <datafield tag="980" ind1=" " ind2=" ">
    <subfield code="a">BIB</subfield>
  </datafield>
  <datafield tag="983" ind1=" " ind2=" ">
    <subfield code="a">Vault</subfield>
  </datafield>
</record>
<record>
  <controlfield tag="000">00872ctm\a22001815i\4500</controlfield>
  <controlfield tag="001">545271</controlfield>
  <controlfield tag="005">20251009150935.0</controlfield>
  <controlfield tag="008">220114|1678\\\\xx\||||\|\\\\||||\||und||</controlfield>
  <datafield tag="040" ind1=" " ind2=" ">
    <subfield code="d">UtOrBLW</subfield>
  </datafield>
  <datafield tag="245" ind1="0" ind2="0">
    <subfield code="a">Letter from Frances Jenkinson, Walton, to Sir John Moore, London</subfield>
    <subfield code="h">[manuscript],</subfield>
    <subfield code="f">1678 August 17.</subfield>
  </datafield>
  <datafield tag="260" ind1=" " ind2=" ">
    <subfield code="a">Walton,</subfield>
    <subfield code="c">1678 August 17.</subfield>
  </datafield>
  <datafield tag="300" ind1=" " ind2=" ">
    <subfield code="a">1 letter</subfield>
  </datafield>
  <datafield tag="336" ind1=" " ind2=" ">
    <subfield code="a">text</subfield>
    <subfield code="b">txt</subfield>
    <subfield code="2">rdacontent</subfield>
  </datafield>
  <datafield tag="337" ind1=" " ind2=" ">
    <subfield code="a">unmediated</subfield>
    <subfield code="b">n</subfield>
    <subfield code="2">rdamedia</subfield>
  </datafield>
  <datafield tag="500" ind1=" " ind2=" ">
    <subfield code="a">This is a PRELIMINARY RECORD. It may contain incorrect information. The "FAST ACC" number is a temporary call number. Please email catalog@folger.edu for assistance.</subfield>
    <subfield code="5">DFo</subfield>
  </datafield>
  <datafield tag="583" ind1="1" ind2=" ">
    <subfield code="a">condition reviewed</subfield>
    <subfield code="c">2022-09-16</subfield>
    <subfield code="k">EB</subfield>
    <subfield code="z">Stored as a folded letter packet; awaiting rehousing.</subfield>
    <subfield code="2">pda</subfield>
    <subfield code="5">DFo</subfield>
  </datafield>
  <datafield tag="655" ind1=" " ind2="7">
    <subfield code="a">Manuscripts (documents)</subfield>
    <subfield code="0">300028569</subfield>
    <subfield code="2">aat</subfield>
  </datafield>
  <datafield tag="655" ind1=" " ind2="7">
    <subfield code="a">Letters (correspondence)</subfield>
    <subfield code="0">300026879</subfield>
    <subfield code="2">aat</subfield>
  </datafield>
  <datafield tag="852" ind1="8" ind2=" ">
    <subfield code="a">US-DFo</subfield>
    <subfield code="7">833495</subfield>
    <subfield code="z">Ordered from Christopher Edwards, D9441, 2021-02-10, purchased from Mike Burtt.</subfield>
    <subfield code="z">From dealer's description: "1678 letter "to Sir John Moore Kngt, these present in London" from "Frances Jenkinson, Walton". ref 0659."</subfield>
    <subfield code="h">FAST ACC 272308</subfield>
    <subfield code="j">272308</subfield>
    <subfield code="n">37 x 28 cm</subfield>
  </datafield>
  <datafield tag="909" ind1="C" ind2="O">
    <subfield code="o">oai:catalog.folger.edu:545271</subfield>
    <subfield code="p">GLOBAL_SET</subfield>
  </datafield>
  <datafield tag="980" ind1=" " ind2=" ">
    <subfield code="a">BIB</subfield>
  </datafield>
  <datafield tag="983" ind1=" " ind2=" ">
    <subfield code="a">Vault</subfield>
  </datafield>
</record>
<record>
  <controlfield tag="000">01102ctm\a22001815i\4500</controlfield>
  <controlfield tag="001">545118</controlfield>
  <controlfield tag="005">20251009150933.0</controlfield>
  <controlfield tag="008">211208e17000723enk||||\|\\\\||||\||eng||</controlfield>
  <datafield tag="040" ind1=" " ind2=" ">
    <subfield code="d">UtOrBLW</subfield>
  </datafield>
  <datafield tag="245" ind1="0" ind2="0">
    <subfield code="a">Letter from Robert Tayer to John Moore, Mincing Lane, London</subfield>
    <subfield code="h">[manuscript],</subfield>
    <subfield code="f">1700 July 23.</subfield>
  </datafield>
  <datafield tag="260" ind1=" " ind2=" ">
    <subfield code="c">23 July 1700.</subfield>
  </datafield>
  <datafield tag="300" ind1=" " ind2=" ">
    <subfield code="a">1 letter</subfield>
  </datafield>
  <datafield tag="336" ind1=" " ind2=" ">
    <subfield code="a">text</subfield>
    <subfield code="b">txt</subfield>
    <subfield code="2">rdacontent</subfield>
  </datafield>
  <datafield tag="337" ind1=" " ind2=" ">
    <subfield code="a">unmediated</subfield>
    <subfield code="b">n</subfield>
    <subfield code="2">rdamedia</subfield>
  </datafield>
  <datafield tag="500" ind1=" " ind2=" ">
    <subfield code="a">This is a PRELIMINARY RECORD. It may contain incorrect information. The "FAST ACC" number is a temporary call number. Please email catalog@folger.edu for assistance.</subfield>
    <subfield code="5">DFo</subfield>
  </datafield>
  <datafield tag="583" ind1="1" ind2=" ">
    <subfield code="a">condition reviewed</subfield>
    <subfield code="c">2022-08-31</subfield>
    <subfield code="z">Stored unfolded.</subfield>
  </datafield>
  <datafield tag="655" ind1=" " ind2="7">
    <subfield code="a">Manuscripts (documents)</subfield>
    <subfield code="0">300028569</subfield>
    <subfield code="2">aat</subfield>
  </datafield>
  <datafield tag="655" ind1=" " ind2="7">
    <subfield code="a">Letters (correspondence)</subfield>
    <subfield code="0">300026879</subfield>
    <subfield code="2">aat</subfield>
  </datafield>
  <datafield tag="752" ind1=" " ind2=" ">
    <subfield code="a">Great Britain</subfield>
    <subfield code="b">England.</subfield>
    <subfield code="2">naf</subfield>
  </datafield>
  <datafield tag="852" ind1="8" ind2=" ">
    <subfield code="a">US-DFo</subfield>
    <subfield code="z">From Argyll Etkin Limited Auction "Worldwide Stamps and Postal History featuring Exceptional Great Britain Stamps and Covers, British Colonial Proofs, Essays &amp; Specimen Stamps, Air Mails and Crash Covers, Stamp Boxes, Sweden, KUT &amp; South West Africa. To be sold on Thursday 18th &amp; Friday 19th March 2021, at 10.30am" Lot #803.</subfield>
    <subfield code="z">From auction description: "... Also a 1700 letter to [John] Moore in London with a long reply in Moore’s handwriting on the reverse."</subfield>
    <subfield code="7">833341</subfield>
    <subfield code="j">272385</subfield>
    <subfield code="h">FAST ACC 272385</subfield>
    <subfield code="n">37 x 28 cm</subfield>
  </datafield>
  <datafield tag="909" ind1="C" ind2="O">
    <subfield code="o">oai:catalog.folger.edu:545118</subfield>
    <subfield code="p">GLOBAL_SET</subfield>
  </datafield>
  <datafield tag="980" ind1=" " ind2=" ">
    <subfield code="a">BIB</subfield>
  </datafield>
  <datafield tag="983" ind1=" " ind2=" ">
    <subfield code="a">Vault</subfield>
  </datafield>
</record>
<record>
  <controlfield tag="000">00915ctm\a22001815i\4500</controlfield>
  <controlfield tag="001">545195</controlfield>
  <controlfield tag="005">20251009150934.0</controlfield>
  <controlfield tag="008">220105|1704\\\\enk||||\|\\\\||||\||eng||</controlfield>
  <datafield tag="040" ind1=" " ind2=" ">
    <subfield code="d">UtOrBLW</subfield>
  </datafield>
  <datafield tag="245" ind1="0" ind2="0">
    <subfield code="a">Letter from George Bohun in New House to John Moore in London</subfield>
    <subfield code="h">[manuscript] /</subfield>
    <subfield code="c">1703/1704 January 5.</subfield>
  </datafield>
  <datafield tag="260" ind1=" " ind2=" ">
    <subfield code="a">[New House],</subfield>
    <subfield code="c">1703/1704 January5.</subfield>
  </datafield>
  <datafield tag="300" ind1=" " ind2=" ">
    <subfield code="a">1 letter</subfield>
  </datafield>
  <datafield tag="336" ind1=" " ind2=" ">
    <subfield code="a">text</subfield>
    <subfield code="b">txt</subfield>
    <subfield code="2">rdacontent</subfield>
  </datafield>
  <datafield tag="337" ind1=" " ind2=" ">
    <subfield code="a">unmediated</subfield>
    <subfield code="b">n</subfield>
    <subfield code="2">rdamedia</subfield>
  </datafield>
  <datafield tag="500" ind1=" " ind2=" ">
    <subfield code="a">This is a PRELIMINARY RECORD. It may contain incorrect information. The "FAST ACC" number is a temporary call number. Please email catalog@folger.edu for assistance.</subfield>
    <subfield code="5">DFo</subfield>
  </datafield>
  <datafield tag="583" ind1="1" ind2=" ">
    <subfield code="a">condition reviewed</subfield>
    <subfield code="c">2022-10-04</subfield>
    <subfield code="k">EB</subfield>
    <subfield code="z">Stored as a folded letter packet; awaiting rehousing.</subfield>
    <subfield code="2">pda</subfield>
    <subfield code="5">DFo</subfield>
  </datafield>
  <datafield tag="655" ind1=" " ind2="7">
    <subfield code="a">Manuscripts (documents)</subfield>
    <subfield code="0">300028569</subfield>
    <subfield code="2">aat</subfield>
  </datafield>
  <datafield tag="655" ind1=" " ind2="7">
    <subfield code="a">Letters (correspondence)</subfield>
    <subfield code="0">300026879</subfield>
    <subfield code="2">aat</subfield>
  </datafield>
  <datafield tag="752" ind1=" " ind2=" ">
    <subfield code="a">Great Britain</subfield>
    <subfield code="b">England.</subfield>
    <subfield code="2">naf</subfield>
  </datafield>
  <datafield tag="852" ind1="8" ind2=" ">
    <subfield code="a">US-DFo</subfield>
    <subfield code="z">Ordered from Christopher Edwards, D9473, 2021-04-28, purchased from Martin Townsend.</subfield>
    <subfield code="z">From dealer's description: "1703 Entire headed "NEW HOUSE' (Wiltshire?) addressed to London showing a very fine London Bishop mark for 'IA 17' on the reverse."</subfield>
    <subfield code="7">833419</subfield>
    <subfield code="j">272453</subfield>
    <subfield code="h">FAST ACC 272453</subfield>
    <subfield code="n">37 x 28 cm</subfield>
  </datafield>
  <datafield tag="909" ind1="C" ind2="O">
    <subfield code="o">oai:catalog.folger.edu:545195</subfield>
    <subfield code="p">GLOBAL_SET</subfield>
  </datafield>
  <datafield tag="980" ind1=" " ind2=" ">
    <subfield code="a">BIB</subfield>
  </datafield>
  <datafield tag="983" ind1=" " ind2=" ">
    <subfield code="a">Vault</subfield>
  </datafield>
</record>
<record>
  <controlfield tag="000">00932ctm\a22001815i\4500</controlfield>
  <controlfield tag="001">545200</controlfield>
  <controlfield tag="005">20251009150934.0</controlfield>
  <controlfield tag="008">220105|1702\\\\xx\||||\|\\\\||||\||und||</controlfield>
  <datafield tag="040" ind1=" " ind2=" ">
    <subfield code="d">UtOrBLW</subfield>
  </datafield>
  <datafield tag="245" ind1="0" ind2="0">
    <subfield code="a">Letter from John Wild in Nottingham to Sir John Moore in London to</subfield>
    <subfield code="h">[manuscript],</subfield>
    <subfield code="f">1702 July 11.</subfield>
  </datafield>
  <datafield tag="260" ind1=" " ind2=" ">
    <subfield code="a">Nottingham,</subfield>
    <subfield code="c">1702 July 11.</subfield>
  </datafield>
  <datafield tag="300" ind1=" " ind2=" ">
    <subfield code="a">1 letter</subfield>
  </datafield>
  <datafield tag="336" ind1=" " ind2=" ">
    <subfield code="a">text</subfield>
    <subfield code="b">txt</subfield>
    <subfield code="2">rdacontent</subfield>
  </datafield>
  <datafield tag="337" ind1=" " ind2=" ">
    <subfield code="a">unmediated</subfield>
    <subfield code="b">n</subfield>
    <subfield code="2">rdamedia</subfield>
  </datafield>
  <datafield tag="500" ind1=" " ind2=" ">
    <subfield code="a">This is a PRELIMINARY RECORD. It may contain incorrect information. The "FAST ACC" number is a temporary call number. Please email catalog@folger.edu for assistance.</subfield>
    <subfield code="5">DF</subfield>
  </datafield>
  <datafield tag="583" ind1="1" ind2=" ">
    <subfield code="a">condition reviewed</subfield>
    <subfield code="c">2022-09-29</subfield>
    <subfield code="k">EB</subfield>
    <subfield code="z">Stored as a folded letter packet; awaiting rehousing.</subfield>
    <subfield code="2">pda</subfield>
    <subfield code="5">DFo</subfield>
  </datafield>
  <datafield tag="655" ind1=" " ind2="7">
    <subfield code="a">Manuscripts (documents)</subfield>
    <subfield code="0">300028569</subfield>
    <subfield code="2">aat</subfield>
  </datafield>
  <datafield tag="655" ind1=" " ind2="7">
    <subfield code="a">Letters (correspondence)</subfield>
    <subfield code="0">300026879</subfield>
    <subfield code="2">aat</subfield>
  </datafield>
  <datafield tag="852" ind1="8" ind2=" ">
    <subfield code="a">US-DFo</subfield>
    <subfield code="z">Ordered from Christopher Edwards, D9473, 2021-04-28, purchased from Martin Townsend.</subfield>
    <subfield code="z">From dealer's description: "1702 ENTIRE FROM NOTTINGHAM addressed "To Mr John Moore at his house in Mincing Lane London" showing on the reverse a very fine London BISHOP MARK FOR IY/13."</subfield>
    <subfield code="7">833424</subfield>
    <subfield code="j">272458</subfield>
    <subfield code="h">FAST ACC 272458</subfield>
    <subfield code="n">37 x 28 cm</subfield>
  </datafield>
  <datafield tag="909" ind1="C" ind2="O">
    <subfield code="o">oai:catalog.folger.edu:545200</subfield>
    <subfield code="p">GLOBAL_SET</subfield>
  </datafield>
  <datafield tag="980" ind1=" " ind2=" ">
    <subfield code="a">BIB</subfield>
  </datafield>
  <datafield tag="983" ind1=" " ind2=" ">
    <subfield code="a">Vault</subfield>
  </datafield>
</record>
<record>
  <controlfield tag="000">00917ctm\a22001815i\4500</controlfield>
  <controlfield tag="001">545192</controlfield>
  <controlfield tag="005">20251009150934.0</controlfield>
  <controlfield tag="008">220105|1698\\\\enk||||\|\\\\||||\||eng||</controlfield>
  <datafield tag="040" ind1=" " ind2=" ">
    <subfield code="d">UtOrBLW</subfield>
  </datafield>
  <datafield tag="245" ind1="0" ind2="0">
    <subfield code="a">Letter from Thomas Sabin in Ashby to John Moore in London to</subfield>
    <subfield code="h">[manuscript],</subfield>
    <subfield code="f">1697/1698 February 26.</subfield>
  </datafield>
  <datafield tag="260" ind1=" " ind2=" ">
    <subfield code="a">[Ashby],</subfield>
    <subfield code="c">1697/1698 February 26.</subfield>
  </datafield>
  <datafield tag="300" ind1=" " ind2=" ">
    <subfield code="a">1 letter</subfield>
  </datafield>
  <datafield tag="336" ind1=" " ind2=" ">
    <subfield code="a">text</subfield>
    <subfield code="b">txt</subfield>
    <subfield code="2">rdacontent</subfield>
  </datafield>
  <datafield tag="337" ind1=" " ind2=" ">
    <subfield code="a">unmediated</subfield>
    <subfield code="b">n</subfield>
    <subfield code="2">rdamedia</subfield>
  </datafield>
  <datafield tag="500" ind1=" " ind2=" ">
    <subfield code="a">This is a PRELIMINARY RECORD. It may contain incorrect information. The "FAST ACC" number is a temporary call number. Please email catalog@folger.edu for assistance.</subfield>
    <subfield code="5">DF</subfield>
  </datafield>
  <datafield tag="583" ind1="1" ind2=" ">
    <subfield code="a">condition reviewed</subfield>
    <subfield code="c">2022-10-04</subfield>
    <subfield code="k">EB</subfield>
    <subfield code="z">Stored as a folded letter packet; awaiting rehousing.</subfield>
    <subfield code="2">pda</subfield>
    <subfield code="5">DFo</subfield>
  </datafield>
  <datafield tag="583" ind1="1" ind2=" ">
    <subfield code="a">condition reviewed</subfield>
    <subfield code="c">2022-10-04</subfield>
    <subfield code="k">EB</subfield>
    <subfield code="z">Hole and tears at seal loss; hole and tears on address panel mended with transparent tape.</subfield>
    <subfield code="2">pda</subfield>
    <subfield code="5">DFo</subfield>
  </datafield>
  <datafield tag="655" ind1=" " ind2="7">
    <subfield code="a">Manuscripts (documents)</subfield>
    <subfield code="0">300028569</subfield>
    <subfield code="2">aat</subfield>
  </datafield>
  <datafield tag="655" ind1=" " ind2="7">
    <subfield code="a">Letters (correspondence)</subfield>
    <subfield code="0">300026879</subfield>
    <subfield code="2">aat</subfield>
  </datafield>
  <datafield tag="752" ind1=" " ind2=" ">
    <subfield code="a">Great Britain</subfield>
    <subfield code="b">England.</subfield>
    <subfield code="2">naf</subfield>
  </datafield>
  <datafield tag="852" ind1="8" ind2=" ">
    <subfield code="a">US-DFo</subfield>
    <subfield code="z">Ordered from Christopher Edwards, D9473, 2021-04-28, purchased from Martin Townsend.</subfield>
    <subfield code="z">From dealer's description: "1697 Entire FROM ASHBY addressed "To Mr John More att Sr John Mores in Mincing Lane London" showing a very fine LONDON BISHOP MARK FOR 'FE/28'."</subfield>
    <subfield code="7">833416</subfield>
    <subfield code="j">272450</subfield>
    <subfield code="h">FAST ACC 272450</subfield>
    <subfield code="n">37 x 28 cm</subfield>
  </datafield>
  <datafield tag="909" ind1="C" ind2="O">
    <subfield code="o">oai:catalog.folger.edu:545192</subfield>
    <subfield code="p">GLOBAL_SET</subfield>
  </datafield>
  <datafield tag="980" ind1=" " ind2=" ">
    <subfield code="a">BIB</subfield>
  </datafield>
  <datafield tag="983" ind1=" " ind2=" ">
    <subfield code="a">Vault</subfield>
  </datafield>
</record>
<record>
  <controlfield tag="000">00925ctm\a22001815i\4500</controlfield>
  <controlfield tag="001">545181</controlfield>
  <controlfield tag="005">20251009150934.0</controlfield>
  <controlfield tag="008">220105|1685\\\\xx\||||\|\\\\||||\||und||</controlfield>
  <datafield tag="040" ind1=" " ind2=" ">
    <subfield code="d">UtOrBLW</subfield>
  </datafield>
  <datafield tag="245" ind1="0" ind2="0">
    <subfield code="a">Letter from John Cave in Cold Overton to Sir John Moore in London to</subfield>
    <subfield code="h">[manuscript],</subfield>
    <subfield code="f">1685 June 7.</subfield>
  </datafield>
  <datafield tag="260" ind1=" " ind2=" ">
    <subfield code="a">Cold Overton,</subfield>
    <subfield code="c">1685 June7.</subfield>
  </datafield>
  <datafield tag="300" ind1=" " ind2=" ">
    <subfield code="a">1 letter</subfield>
  </datafield>
  <datafield tag="336" ind1=" " ind2=" ">
    <subfield code="a">text</subfield>
    <subfield code="b">txt</subfield>
    <subfield code="2">rdacontent</subfield>
  </datafield>
  <datafield tag="337" ind1=" " ind2=" ">
    <subfield code="a">unmediated</subfield>
    <subfield code="b">n</subfield>
    <subfield code="2">rdamedia</subfield>
  </datafield>
  <datafield tag="500" ind1=" " ind2=" ">
    <subfield code="a">This is a PRELIMINARY RECORD. It may contain incorrect information. The "FAST ACC" number is a temporary call number. Please email catalog@folger.edu for assistance.</subfield>
    <subfield code="5">DF</subfield>
  </datafield>
  <datafield tag="583" ind1="1" ind2=" ">
    <subfield code="a">condition reviewed</subfield>
    <subfield code="c">2022-09-30</subfield>
    <subfield code="k">EB</subfield>
    <subfield code="z">Stored flat. Original folds obscured by later philatelic collector.</subfield>
    <subfield code="2">pda</subfield>
    <subfield code="5">DFo</subfield>
  </datafield>
  <datafield tag="655" ind1=" " ind2="7">
    <subfield code="a">Manuscripts (documents)</subfield>
    <subfield code="0">300028569</subfield>
    <subfield code="2">aat</subfield>
  </datafield>
  <datafield tag="655" ind1=" " ind2="7">
    <subfield code="a">Letters (correspondence)</subfield>
    <subfield code="0">300026879</subfield>
    <subfield code="2">aat</subfield>
  </datafield>
  <datafield tag="852" ind1="8" ind2=" ">
    <subfield code="a">US-DFo</subfield>
    <subfield code="z">Ordered from Christopher Edwards, D9473, 2021-04-28, purchased from Martin Townsend.</subfield>
    <subfield code="z">From dealer's description: "1686 ENTIRE FROM "COLD OVTON" (COLD OVERTON), Leicestershire, addressed "For the Right Worshipful Sr John Moore at his house in Mincing Lane, London"</subfield>
    <subfield code="7">833405</subfield>
    <subfield code="j">272439</subfield>
    <subfield code="h">FAST ACC 272439</subfield>
    <subfield code="n">37 x 28 cm</subfield>
  </datafield>
  <datafield tag="909" ind1="C" ind2="O">
    <subfield code="o">oai:catalog.folger.edu:545181</subfield>
    <subfield code="p">GLOBAL_SET</subfield>
  </datafield>
  <datafield tag="980" ind1=" " ind2=" ">
    <subfield code="a">BIB</subfield>
  </datafield>
  <datafield tag="983" ind1=" " ind2=" ">
    <subfield code="a">Vault</subfield>
  </datafield>
</record>
<record>
  <controlfield tag="000">00911ctm\a22001815i\4500</controlfield>
  <controlfield tag="001">545194</controlfield>
  <controlfield tag="005">20251009150934.0</controlfield>
  <controlfield tag="008">220105|1722\\\\xx\||||\|\\\\||||\||und||</controlfield>
  <datafield tag="040" ind1=" " ind2=" ">
    <subfield code="d">UtOrBLW</subfield>
  </datafield>
  <datafield tag="245" ind1="0" ind2="0">
    <subfield code="a">Letter from Ambrose Death to John Moore in London to</subfield>
    <subfield code="h">[manuscript],</subfield>
    <subfield code="f">1722 May 13.</subfield>
  </datafield>
  <datafield tag="260" ind1=" " ind2=" ">
    <subfield code="c">1722 May 13.</subfield>
  </datafield>
  <datafield tag="300" ind1=" " ind2=" ">
    <subfield code="a">1 letter</subfield>
  </datafield>
  <datafield tag="336" ind1=" " ind2=" ">
    <subfield code="a">text</subfield>
    <subfield code="b">txt</subfield>
    <subfield code="2">rdacontent</subfield>
  </datafield>
  <datafield tag="337" ind1=" " ind2=" ">
    <subfield code="a">unmediated</subfield>
    <subfield code="b">n</subfield>
    <subfield code="2">rdamedia</subfield>
  </datafield>
  <datafield tag="500" ind1=" " ind2=" ">
    <subfield code="a">This is a PRELIMINARY RECORD. It may contain incorrect information. The "FAST ACC" number is a temporary call number. Please email catalog@folger.edu for assistance.</subfield>
    <subfield code="5">DF</subfield>
  </datafield>
  <datafield tag="583" ind1="1" ind2=" ">
    <subfield code="a">condition reviewed</subfield>
    <subfield code="c">2022-10-04</subfield>
    <subfield code="k">EB</subfield>
    <subfield code="z">Stored as a folded letter packet; awaiting rehousing.</subfield>
    <subfield code="2">pda</subfield>
    <subfield code="5">DFo</subfield>
  </datafield>
  <datafield tag="655" ind1=" " ind2="7">
    <subfield code="a">Manuscripts (documents)</subfield>
    <subfield code="0">300028569</subfield>
    <subfield code="2">aat</subfield>
  </datafield>
  <datafield tag="655" ind1=" " ind2="7">
    <subfield code="a">Letters (correspondence)</subfield>
    <subfield code="0">300026879</subfield>
    <subfield code="2">aat</subfield>
  </datafield>
  <datafield tag="852" ind1="8" ind2=" ">
    <subfield code="a">US-DFo</subfield>
    <subfield code="z">Ordered from Christopher Edwards, D9473, 2021-04-28, purchased from Martin Townsend.</subfield>
    <subfield code="z">From dealer's description: "1700 Entire addressed "To Mr John Moore att his house in Bedforde Row in Jockeys field near Red Lyon Square in London" showing a very fine '15/MA' London Bishop mark."</subfield>
    <subfield code="7">833418</subfield>
    <subfield code="j">272452</subfield>
    <subfield code="h">FAST ACC 272452</subfield>
    <subfield code="n">37 x 28 cm</subfield>
  </datafield>
  <datafield tag="909" ind1="C" ind2="O">
    <subfield code="o">oai:catalog.folger.edu:545194</subfield>
    <subfield code="p">GLOBAL_SET</subfield>
  </datafield>
  <datafield tag="980" ind1=" " ind2=" ">
    <subfield code="a">BIB</subfield>
  </datafield>
  <datafield tag="983" ind1=" " ind2=" ">
    <subfield code="a">Vault</subfield>
  </datafield>
</record>
<record>
  <controlfield tag="000">01111ctm\a22001815i\4500</controlfield>
  <controlfield tag="001">545184</controlfield>
  <controlfield tag="005">20251009150934.0</controlfield>
  <controlfield tag="008">220105|1700\\\\xx\||||\|\\\\||||\||und||</controlfield>
  <datafield tag="040" ind1=" " ind2=" ">
    <subfield code="d">UtOrBLW</subfield>
  </datafield>
  <datafield tag="245" ind1="0" ind2="0">
    <subfield code="a">Letter from Robert Tayer in Midhurst to John Moore in London to</subfield>
    <subfield code="h">[manuscript],</subfield>
    <subfield code="f">1700 December 6.</subfield>
  </datafield>
  <datafield tag="260" ind1=" " ind2=" ">
    <subfield code="a">Midhurst,</subfield>
    <subfield code="c">1700 December6.</subfield>
  </datafield>
  <datafield tag="300" ind1=" " ind2=" ">
    <subfield code="a">1 letter</subfield>
  </datafield>
  <datafield tag="336" ind1=" " ind2=" ">
    <subfield code="a">text</subfield>
    <subfield code="b">txt</subfield>
    <subfield code="2">rdacontent</subfield>
  </datafield>
  <datafield tag="337" ind1=" " ind2=" ">
    <subfield code="a">unmediated</subfield>
    <subfield code="b">n</subfield>
    <subfield code="2">rdamedia</subfield>
  </datafield>
  <datafield tag="500" ind1=" " ind2=" ">
    <subfield code="a">This is a PRELIMINARY RECORD. It may contain incorrect information. The "FAST ACC" number is a temporary call number. Please email catalog@folger.edu for assistance.</subfield>
    <subfield code="5">DF</subfield>
  </datafield>
  <datafield tag="583" ind1="1" ind2=" ">
    <subfield code="a">condition reviewed</subfield>
    <subfield code="c">2022-09-30</subfield>
    <subfield code="k">EB</subfield>
    <subfield code="z">Stored as a partially folded letter packet; awaiting rehousing.</subfield>
    <subfield code="2">pda</subfield>
    <subfield code="5">DFo</subfield>
  </datafield>
  <datafield tag="583" ind1="1" ind2=" ">
    <subfield code="a">condition reviewed</subfield>
    <subfield code="c">2022-09-30</subfield>
    <subfield code="k">EB</subfield>
    <subfield code="z">Tear and loss at seal removal, not affecting text.</subfield>
    <subfield code="2">pda</subfield>
    <subfield code="5">DFo</subfield>
  </datafield>
  <datafield tag="655" ind1=" " ind2="7">
    <subfield code="a">Manuscripts (documents)</subfield>
    <subfield code="0">300028569</subfield>
    <subfield code="2">aat</subfield>
  </datafield>
  <datafield tag="655" ind1=" " ind2="7">
    <subfield code="a">Letters (correspondence)</subfield>
    <subfield code="0">300026879</subfield>
    <subfield code="2">aat</subfield>
  </datafield>
  <datafield tag="852" ind1="8" ind2=" ">
    <subfield code="a">US-DFo</subfield>
    <subfield code="z">Ordered from Christopher Edwards, D9473, 2021-04-28, purchased from Martin Townsend.</subfield>
    <subfield code="z">From dealer's description: "1700 Entire from Midhurst to John Moore at Sr John Moore's house London from 'Robert Tayar' who managed the Chichester branch of the Post Office in 1681 and who brought in the use of the 'Hot Cross Bun' cancellation. Letter regards his daughter who owes money for rent, etc, showing on the reverse a very fine DE/7 London Bishop mark."</subfield>
    <subfield code="7">833408</subfield>
    <subfield code="j">272442</subfield>
    <subfield code="h">FAST ACC 272442</subfield>
    <subfield code="n">37 x 28 cm</subfield>
  </datafield>
  <datafield tag="909" ind1="C" ind2="O">
    <subfield code="o">oai:catalog.folger.edu:545184</subfield>
    <subfield code="p">GLOBAL_SET</subfield>
  </datafield>
  <datafield tag="980" ind1=" " ind2=" ">
    <subfield code="a">BIB</subfield>
  </datafield>
  <datafield tag="983" ind1=" " ind2=" ">
    <subfield code="a">Vault</subfield>
  </datafield>
</record>
<record>
  <controlfield tag="000">00988ctm\a22001815i\4500</controlfield>
  <controlfield tag="001">545190</controlfield>
  <controlfield tag="005">20251009150934.0</controlfield>
  <controlfield tag="008">220105s1694\\\\enk||||\|\\\\||||\||eng||</controlfield>
  <datafield tag="040" ind1=" " ind2=" ">
    <subfield code="d">UtOrBLW</subfield>
  </datafield>
  <datafield tag="245" ind1="0" ind2="0">
    <subfield code="a">Letter from George Price to Sir John Moore in London to</subfield>
    <subfield code="h">[manuscript],</subfield>
    <subfield code="f">1693/1694 Jan 15.</subfield>
  </datafield>
  <datafield tag="260" ind1=" " ind2=" ">
    <subfield code="c">1693/1694 Jan 15.</subfield>
  </datafield>
  <datafield tag="300" ind1=" " ind2=" ">
    <subfield code="a">1 letter</subfield>
  </datafield>
  <datafield tag="336" ind1=" " ind2=" ">
    <subfield code="a">text</subfield>
    <subfield code="b">txt</subfield>
    <subfield code="2">rdacontent</subfield>
  </datafield>
  <datafield tag="337" ind1=" " ind2=" ">
    <subfield code="a">unmediated</subfield>
    <subfield code="b">n</subfield>
    <subfield code="2">rdamedia</subfield>
  </datafield>
  <datafield tag="500" ind1=" " ind2=" ">
    <subfield code="a">This is a PRELIMINARY RECORD. It may contain incorrect information. The "FAST ACC" number is a temporary call number. Please email catalog@folger.edu for assistance.</subfield>
    <subfield code="5">DF</subfield>
  </datafield>
  <datafield tag="583" ind1="1" ind2=" ">
    <subfield code="a">condition reviewed</subfield>
    <subfield code="c">2022-10-04</subfield>
    <subfield code="k">EB</subfield>
    <subfield code="z">Stored as a folded letter packet; awaiting rehousing.</subfield>
    <subfield code="2">pda</subfield>
    <subfield code="5">DFo</subfield>
  </datafield>
  <datafield tag="655" ind1=" " ind2="7">
    <subfield code="a">Manuscripts (documents)</subfield>
    <subfield code="0">300028569</subfield>
    <subfield code="2">aat</subfield>
  </datafield>
  <datafield tag="655" ind1=" " ind2="7">
    <subfield code="a">Letters (correspondence)</subfield>
    <subfield code="0">300026879</subfield>
    <subfield code="2">aat</subfield>
  </datafield>
  <datafield tag="752" ind1=" " ind2=" ">
    <subfield code="a">Great Britain</subfield>
    <subfield code="b">England.</subfield>
    <subfield code="2">naf</subfield>
  </datafield>
  <datafield tag="852" ind1="8" ind2=" ">
    <subfield code="a">US-DFo</subfield>
    <subfield code="z">Ordered from Christopher Edwards, D9473, 2021-04-28, purchased from Martin Townsend.</subfield>
    <subfield code="z">From dealer's description: "1693 Entire addressed "These ffor ye Right Worshippll. Sr John Moore att his house in Mincing lane in London present"</subfield>
    <subfield code="7">833414</subfield>
    <subfield code="j">272448</subfield>
    <subfield code="h">FAST ACC 272448</subfield>
    <subfield code="n">37 x 28 cm</subfield>
  </datafield>
  <datafield tag="909" ind1="C" ind2="O">
    <subfield code="o">oai:catalog.folger.edu:545190</subfield>
    <subfield code="p">GLOBAL_SET</subfield>
  </datafield>
  <datafield tag="980" ind1=" " ind2=" ">
    <subfield code="a">BIB</subfield>
  </datafield>
  <datafield tag="983" ind1=" " ind2=" ">
    <subfield code="a">Vault</subfield>
  </datafield>
</record>
<record>
  <controlfield tag="000">01254ctm\a22001815i\4500</controlfield>
  <controlfield tag="001">545191</controlfield>
  <controlfield tag="005">20251009150934.0</controlfield>
  <controlfield tag="008">220105|1700\\\\enk||||\|\\\\||||\||eng||</controlfield>
  <datafield tag="040" ind1=" " ind2=" ">
    <subfield code="d">UtOrBLW</subfield>
  </datafield>
  <datafield tag="245" ind1="0" ind2="0">
    <subfield code="a">Letter from George Wait in Appleby Magna to Sir John Moore in London to</subfield>
    <subfield code="h">[manuscript],</subfield>
    <subfield code="f">1700 Spetember 30.</subfield>
  </datafield>
  <datafield tag="260" ind1=" " ind2=" ">
    <subfield code="a">Appleby Magna,</subfield>
    <subfield code="c">1700 September 30.</subfield>
  </datafield>
  <datafield tag="300" ind1=" " ind2=" ">
    <subfield code="a">1 letter</subfield>
  </datafield>
  <datafield tag="336" ind1=" " ind2=" ">
    <subfield code="a">text</subfield>
    <subfield code="b">txt</subfield>
    <subfield code="2">rdacontent</subfield>
  </datafield>
  <datafield tag="337" ind1=" " ind2=" ">
    <subfield code="a">unmediated</subfield>
    <subfield code="b">n</subfield>
    <subfield code="2">rdamedia</subfield>
  </datafield>
  <datafield tag="500" ind1=" " ind2=" ">
    <subfield code="a">This is a PRELIMINARY RECORD. It may contain incorrect information. The "FAST ACC" number is a temporary call number. Please email catalog@folger.edu for assistance.</subfield>
    <subfield code="5">DF</subfield>
  </datafield>
  <datafield tag="583" ind1="1" ind2=" ">
    <subfield code="a">condition reviewed</subfield>
    <subfield code="c">2022-10-04</subfield>
    <subfield code="k">EB</subfield>
    <subfield code="z">Stored as a folded letter packet; awaiting rehousing.</subfield>
    <subfield code="2">pda</subfield>
    <subfield code="5">DFo</subfield>
  </datafield>
  <datafield tag="583" ind1="1" ind2=" ">
    <subfield code="a">condition reviewed</subfield>
    <subfield code="c">2022-10-04</subfield>
    <subfield code="k">EB</subfield>
    <subfield code="z">Hole and tears affecting text; matching hole on address panel mended with transparent tape.</subfield>
    <subfield code="2">pda</subfield>
    <subfield code="5">DFo</subfield>
  </datafield>
  <datafield tag="655" ind1=" " ind2="7">
    <subfield code="a">Manuscripts (documents)</subfield>
    <subfield code="0">300028569</subfield>
    <subfield code="2">aat</subfield>
  </datafield>
  <datafield tag="655" ind1=" " ind2="7">
    <subfield code="a">Letters (correspondence)</subfield>
    <subfield code="0">300026879</subfield>
    <subfield code="2">aat</subfield>
  </datafield>
  <datafield tag="752" ind1=" " ind2=" ">
    <subfield code="a">Great Britain</subfield>
    <subfield code="b">England.</subfield>
    <subfield code="2">naf</subfield>
  </datafield>
  <datafield tag="852" ind1="8" ind2=" ">
    <subfield code="a">US-DFo</subfield>
    <subfield code="z">Ordered from Christopher Edwards, D9473, 2021-04-28, purchased from Martin Townsend.</subfield>
    <subfield code="z">From dealer's description: "1700 ENTIRE FROM APPLEBY MAGNA addressed "This to Mr John Moor Cheesemonger at Sir John Moors house in Mincing Lane London present", showing on the reverse a very fine 'OC/2' London Bishop mark."</subfield>
    <subfield code="7">833415</subfield>
    <subfield code="j">272449</subfield>
    <subfield code="h">FAST ACC 272449</subfield>
    <subfield code="n">37 x 28 cm</subfield>
  </datafield>
  <datafield tag="909" ind1="C" ind2="O">
    <subfield code="o">oai:catalog.folger.edu:545191</subfield>
    <subfield code="p">GLOBAL_SET</subfield>
  </datafield>
  <datafield tag="980" ind1=" " ind2=" ">
    <subfield code="a">BIB</subfield>
  </datafield>
  <datafield tag="983" ind1=" " ind2=" ">
    <subfield code="a">Vault</subfield>
  </datafield>
</record>
<record>
  <controlfield tag="000">00925ctm\a22001815i\4500</controlfield>
  <controlfield tag="001">545183</controlfield>
  <controlfield tag="005">20251009150934.0</controlfield>
  <controlfield tag="008">220105|1705\\\\xx\||||\|\\\\||||\||und||</controlfield>
  <datafield tag="040" ind1=" " ind2=" ">
    <subfield code="d">UtOrBLW</subfield>
  </datafield>
  <datafield tag="245" ind1="0" ind2="0">
    <subfield code="a">Letter from William Salmon in Namptwich to John Moore in London to</subfield>
    <subfield code="h">[manuscript],</subfield>
    <subfield code="f">1705 June 4.</subfield>
  </datafield>
  <datafield tag="260" ind1=" " ind2=" ">
    <subfield code="a">Namptwich,</subfield>
    <subfield code="c">1705 June4.</subfield>
  </datafield>
  <datafield tag="300" ind1=" " ind2=" ">
    <subfield code="a">1 letter</subfield>
  </datafield>
  <datafield tag="336" ind1=" " ind2=" ">
    <subfield code="a">text</subfield>
    <subfield code="b">txt</subfield>
    <subfield code="2">rdacontent</subfield>
  </datafield>
  <datafield tag="337" ind1=" " ind2=" ">
    <subfield code="a">unmediated</subfield>
    <subfield code="b">n</subfield>
    <subfield code="2">rdamedia</subfield>
  </datafield>
  <datafield tag="500" ind1=" " ind2=" ">
    <subfield code="a">This is a PRELIMINARY RECORD. It may contain incorrect information. The "FAST ACC" number is a temporary call number. Please email catalog@folger.edu for assistance.</subfield>
    <subfield code="5">DF</subfield>
  </datafield>
  <datafield tag="583" ind1="1" ind2=" ">
    <subfield code="a">condition reviewed</subfield>
    <subfield code="c">2022-09-30</subfield>
    <subfield code="k">EB</subfield>
    <subfield code="z">Stored as a folded letter packet; awaiting rehousing.</subfield>
    <subfield code="2">pda</subfield>
    <subfield code="5">DFo</subfield>
  </datafield>
  <datafield tag="583" ind1="1" ind2=" ">
    <subfield code="a">condition reviewed</subfield>
    <subfield code="c">2022-09-30</subfield>
    <subfield code="k">EB</subfield>
    <subfield code="z">Hole (burn hole?) in upper left corner of folded letter packet.</subfield>
    <subfield code="2">pda</subfield>
    <subfield code="5">DFo</subfield>
  </datafield>
  <datafield tag="655" ind1=" " ind2="7">
    <subfield code="a">Manuscripts (documents)</subfield>
    <subfield code="0">300028569</subfield>
    <subfield code="2">aat</subfield>
  </datafield>
  <datafield tag="655" ind1=" " ind2="7">
    <subfield code="a">Letters (correspondence)</subfield>
    <subfield code="0">300026879</subfield>
    <subfield code="2">aat</subfield>
  </datafield>
  <datafield tag="852" ind1="8" ind2=" ">
    <subfield code="a">US-DFo</subfield>
    <subfield code="z">Ordered from Christopher Edwards, D9473, 2021-04-28, purchased from Martin Townsend.</subfield>
    <subfield code="z">From dealer's description: "1705 Entire from NAMPTWICH addressed "To Mr John Moore at his warehouse on Dice Key in Thames Street in London" showing a superb IV/16 London Bishop mark."</subfield>
    <subfield code="7">833407</subfield>
    <subfield code="j">272441</subfield>
    <subfield code="h">FAST ACC 272441</subfield>
    <subfield code="n">37 x 28 cm</subfield>
  </datafield>
  <datafield tag="909" ind1="C" ind2="O">
    <subfield code="o">oai:catalog.folger.edu:545183</subfield>
    <subfield code="p">GLOBAL_SET</subfield>
  </datafield>
  <datafield tag="980" ind1=" " ind2=" ">
    <subfield code="a">BIB</subfield>
  </datafield>
  <datafield tag="983" ind1=" " ind2=" ">
    <subfield code="a">Vault</subfield>
  </datafield>
</record>
<record>
  <controlfield tag="000">00925ctm\a22001815i\4500</controlfield>
  <controlfield tag="001">545186</controlfield>
  <controlfield tag="005">20251009150934.0</controlfield>
  <controlfield tag="008">220105|16701674xx\||||\|\\\\||||\||und||</controlfield>
  <datafield tag="040" ind1=" " ind2=" ">
    <subfield code="d">UtOrBLW</subfield>
  </datafield>
  <datafield tag="245" ind1="0" ind2="0">
    <subfield code="a">Sir John Moore's answer to the charges against him as to the selection of Sherriffe</subfield>
    <subfield code="h">[manuscript],</subfield>
    <subfield code="f">1670-74.</subfield>
  </datafield>
  <datafield tag="260" ind1=" " ind2=" ">
    <subfield code="c">1670-74.</subfield>
  </datafield>
  <datafield tag="300" ind1=" " ind2=" ">
    <subfield code="a">1 item (bifolium)</subfield>
  </datafield>
  <datafield tag="336" ind1=" " ind2=" ">
    <subfield code="a">text</subfield>
    <subfield code="b">txt</subfield>
    <subfield code="2">rdacontent</subfield>
  </datafield>
  <datafield tag="337" ind1=" " ind2=" ">
    <subfield code="a">unmediated</subfield>
    <subfield code="b">n</subfield>
    <subfield code="2">rdamedia</subfield>
  </datafield>
  <datafield tag="500" ind1=" " ind2=" ">
    <subfield code="a">This is a PRELIMINARY RECORD. It may contain incorrect information. The "FAST ACC" number is a temporary call number. Please email catalog@folger.edu for assistance.</subfield>
    <subfield code="5">DF</subfield>
  </datafield>
  <datafield tag="583" ind1="1" ind2=" ">
    <subfield code="a">condition reviewed</subfield>
    <subfield code="c">2022-09-30</subfield>
    <subfield code="k">EB</subfield>
    <subfield code="z">Remains of previous mounting hinges on verso.</subfield>
    <subfield code="2">pda</subfield>
    <subfield code="5">DFo</subfield>
  </datafield>
  <datafield tag="655" ind1=" " ind2="7">
    <subfield code="a">Manuscripts (documents)</subfield>
    <subfield code="0">300028569</subfield>
    <subfield code="2">aat</subfield>
  </datafield>
  <datafield tag="852" ind1="8" ind2=" ">
    <subfield code="a">US-DFo</subfield>
    <subfield code="z">Ordered from Christopher Edwards, D9473, 2021-04-28, purchased from Martin Townsend.</subfield>
    <subfield code="z">From dealer's description: "1670/4 A fine example of Court Penmanship listing "Sir John Moore's answer to the charges against him as to the selection of Sherriffe", re Sir Dudley North."</subfield>
    <subfield code="7">833410</subfield>
    <subfield code="j">272444</subfield>
    <subfield code="h">FAST ACC 272444</subfield>
    <subfield code="n">37 x 28 cm</subfield>
  </datafield>
  <datafield tag="909" ind1="C" ind2="O">
    <subfield code="o">oai:catalog.folger.edu:545186</subfield>
    <subfield code="p">GLOBAL_SET</subfield>
  </datafield>
  <datafield tag="980" ind1=" " ind2=" ">
    <subfield code="a">BIB</subfield>
  </datafield>
  <datafield tag="983" ind1=" " ind2=" ">
    <subfield code="a">Vault</subfield>
  </datafield>
</record>
<record>
  <controlfield tag="000">01489ctm\a22001815i\4500</controlfield>
  <controlfield tag="001">728534</controlfield>
  <controlfield tag="005">20251009151421.0</controlfield>
  <controlfield tag="008">220812s1676\\\\enk||||\|\\\\||||\||eng||</controlfield>
  <datafield tag="040" ind1=" " ind2=" ">
    <subfield code="d">UtOrBLW</subfield>
  </datafield>
  <datafield tag="245" ind1="0" ind2="0">
    <subfield code="a">Letter from Thomas Cowley, Chichester, to  John Morris, London</subfield>
    <subfield code="h">[manuscript],</subfield>
    <subfield code="f">1676 May 2.</subfield>
  </datafield>
  <datafield tag="260" ind1=" " ind2=" ">
    <subfield code="c">2 May 1676.</subfield>
  </datafield>
  <datafield tag="300" ind1=" " ind2=" ">
    <subfield code="a">1 letter</subfield>
  </datafield>
  <datafield tag="336" ind1=" " ind2=" ">
    <subfield code="a">text</subfield>
    <subfield code="b">txt</subfield>
    <subfield code="2">rdacontent</subfield>
  </datafield>
  <datafield tag="337" ind1=" " ind2=" ">
    <subfield code="a">unmediated</subfield>
    <subfield code="b">n</subfield>
    <subfield code="2">rdamedia</subfield>
  </datafield>
  <datafield tag="500" ind1=" " ind2=" ">
    <subfield code="a">This is a PRELIMINARY RECORD. It may contain incorrect information. The "FAST ACC" number is a temporary call number. Please email catalog@folger.edu for assistance.</subfield>
    <subfield code="5">DFo</subfield>
  </datafield>
  <datafield tag="583" ind1="1" ind2=" ">
    <subfield code="a">condition reviewed$$c2022-09-01$$kEB$$zStored as a folded letter packet; awaiting rehousing.$$2pda$$5DFo</subfield>
  </datafield>
  <datafield tag="655" ind1=" " ind2="7">
    <subfield code="a">Manuscripts (documents)</subfield>
    <subfield code="0">300028569</subfield>
    <subfield code="2">aat</subfield>
  </datafield>
  <datafield tag="655" ind1=" " ind2="7">
    <subfield code="a">Letters (correspondence)</subfield>
    <subfield code="0">300026879</subfield>
    <subfield code="2">aat</subfield>
  </datafield>
  <datafield tag="752" ind1=" " ind2=" ">
    <subfield code="a">Great Britain</subfield>
    <subfield code="b">England.</subfield>
    <subfield code="2">naf</subfield>
  </datafield>
  <datafield tag="852" ind1="8" ind2=" ">
    <subfield code="a">US-DFo</subfield>
    <subfield code="z">From Argyll Etkin Limited Auction "Worldwide Stamps and Postal History featuring Exceptional Great Britain Stamps and Covers, British Colonial Proofs, Essays &amp; Specimen Stamps, Air Mails and Crash Covers, Stamp Boxes, Sweden, KUT &amp; South West Africa. To be sold on Thursday 18th &amp; Friday 19th March 2021, at 10.30am" Lot #803.</subfield>
    <subfield code="z">From auction description: "1676 Entire letter from Thomas Cowley in Chichester, addressed “To John Moore Esq at Sr Robert Clayton in the Old Jurey near Cheapside in London”, charged 2d, with “MA/4” Bishop Mark. Also a 1700 letter to Moore in London with a long reply in Moore’s handwriting on the reverse. Clayton was Lord Mayor of London in  1679-80 and Moore was Lord Mayor in 1681."</subfield>
    <subfield code="7">1000695</subfield>
    <subfield code="j">272386</subfield>
    <subfield code="h">FAST ACC 272386</subfield>
    <subfield code="n">37 x 28 cm</subfield>
  </datafield>
  <datafield tag="909" ind1="C" ind2="O">
    <subfield code="o">oai:catalog.folger.edu:728534</subfield>
    <subfield code="p">GLOBAL_SET</subfield>
  </datafield>
  <datafield tag="980" ind1=" " ind2=" ">
    <subfield code="a">BIB</subfield>
  </datafield>
  <datafield tag="983" ind1=" " ind2=" ">
    <subfield code="a">Vault</subfield>
  </datafield>
</record>

</collection>